| 000 | 00891nam a22002775i 4500 | ||
|---|---|---|---|
| 003 | EG-ScBUE | ||
| 005 | 20230208043557.0 | ||
| 008 | 201214s2022 ua f 000 f ara d | ||
| 017 | _a2022 / 21580 | ||
| 020 | _a9789770937839 | ||
| 040 |
_aEG-ScBUE _bara _erda _cEG-ScBUE _dEG-ScBUE |
||
| 082 | 0 | 4 |
_a892.736 _bص ب ر _222 |
| 100 | 1 |
_aصبري، نعيم، _eمؤلف. |
|
| 245 | 1 | 0 |
_aأنشودة الحنين : _bرواية / _cنعيم صبري. |
| 250 | _aالطبعة الأولى. | ||
| 264 | 1 |
_aالقاهرة : _bدار الشروق، _c2022. |
|
| 300 |
_a201 صفحة ؛ _c22 سم |
||
| 336 |
_aنص _btxt _2rdacontent |
||
| 337 |
_aبدون وسيط _bn _2rdamedia |
||
| 338 |
_aمجلد _bnc _2rdacarrier |
||
| 541 | _aBook Fair 2023. | ||
| 650 | 7 |
_aالقصص العربية _yقرن 21. _2BUEsh |
|
| 653 |
_bARALIT _cFebruary2023 |
||
| 655 | _vReading book | ||
| 942 | _2ddc | ||
| 999 |
_c30110 _d30081 |
||